Handbook of Chemical and Biological Warfare Agents (Record no. 559913)

000 -LEADER
fixed length control field 00364nam a2200133Ia 4500
008 - FIXED-LENGTH DATA ELEMENTS--GENERAL INFORMATION
fixed length control field 210428s9999 xx 000 0 und d
020 ## - INTERNATIONAL STANDARD BOOK NUMBER
International Standard Book Number 0-8493-2803-9
082 ## - DEWEY DECIMAL CLASSIFICATION NUMBER
Classification number 358.34 E44H
100 ## - MAIN ENTRY--PERSONAL NAME
Personal name D.Hank Ellison
9 (RLIN) 52147
245 #0 - TITLE STATEMENT
Title Handbook of Chemical and Biological Warfare Agents
260 ## - PUBLICATION, DISTRIBUTION, ETC.
Name of publisher, distributor, etc. CRC Press
Place of publication, distribution, etc. Boca Raton
Date of publication, distribution, etc. 2000
300 ## - PHYSICAL DESCRIPTION
Extent 507p.
942 ## - ADDED ENTRY ELEMENTS (KOHA)
Koha item type Book
Source of classification or shelving scheme
Holdings
Withdrawn status Lost status Damaged status Not for loan Permanent Location Current Location Date acquired Total Checkouts Full call number Barcode Date last seen Price effective from Koha item type
        School of Chemical & Materials Engineering (SCME) School of Chemical & Materials Engineering (SCME)     358.34 E44H SCME-61 04/28/2021 04/28/2021 Book
© 2023 Central Library, National University of Sciences and Technology. All Rights Reserved.